Бялхам амь судлал Библи (Бичлэгийн дугаар. 42253)
[ энгийн харах ]
| 000 -Удирдлага | |
|---|---|
| Ном зүйн бүртгэл тоо буюу кодлох утгыг агуулсан | 01950 a2200229 4500 |
| 003 - ХЯНАЛТЫН ТОО ТОДОРХОЙЛОГЧ | |
| Код | MN-UlNLM |
| 005 - ХАМГИЙН СҮҮЛИЙН ҮЕИЙН ХЭЛЦЛИЙН ОГНОО БА ЦАГ | |
| Тухайн бичилтийг бичсэн засварласан сүүлийн огноо. | 20220426161830.0 |
| 008 - ЕРӨНХИЙ МЭДЭЭЛЭЛ-ЭЛЕМЕНТҮҮДИЙН ӨГӨГДЛИЙН УРТ | |
| fixed length control field | a130t2006 mp ||||| |||| 00| 0 mon d |
| 040 ## - ЭХ СУРВАЛЖИЙГ ТОДОРХОЙЛОН БИЧИХ | |
| Анхны каталогийн байгууллага | Монгол Улсын Үндэсний номын сан |
| 084 ## - БУСАД АНГИЛЛЫН ДУГААР | |
| Ангиллын нэр | Номын сан номзүйн ангилал |
| Анги | 86.37 |
| Зохиогчийн 3-н тэмдэгт | Б 981 |
| Шинжлэх ухааны мэдлэгийн салбар | Шашин - 86 |
| 110 ## - ДЭЭД ГАРЧГИЙН МЭДЭЭ | |
| Эрхлэн гаргасан байгууллагын нэр | Ариун бичээс Библийн Нийгэмлэг |
| 245 0# - ҮНДСЭН ГАРЧИГ | |
| Гарчиг | Бялхам амь судлал Библи |
| Оролцогчдын тухай мэдээ | Ерөн. ред. С.Стемпс |
| -- | Орч. Д.Амгалан, Н.Ариунтуяа, Д.Батсүрэн ба бус |
| 260 1# - ГАРАЛТЫН ТУХАЙ МЭДЭЭ | |
| Хэвлэгдсэн он | 2006 |
| Хэвлэгдсэн газар | АНУ |
| Хэвлэлийн газар | Life Publishers International |
| 300 ## - ТООНЫ МЭДЭЭ | |
| Хуудасны тоо | 2521х |
| Дагалдах материал | газрын зураг |
| 500 ## - НОМЫН ТОВЧ АГУУЛГА | |
| Дэлгэрэнүй тайлбар | Ариун сударт итгэх ганхашгүй итгэлтэй, Шинэ Гэрээний элч нарын мэдээнд итгэх гүн гүнзгий итгэл үнэмшилтэй болгоход чиглэсэн бүтээл. |
| 546 ## - ХЭЛНИЙ ТУХАЙ МЭДЭЭ | |
| Хэл | |
| 653 ## - ТҮЛХҮҮР ҮГС | |
| Түлхүүр үг | Шашин |
| -- | Христосын шашин |
| 740 ## - НОМЫН АГУУЛГЫН ГАРЧИГ | |
| Номын гарчгууд | Хуучин гэрээ. |
| -- | Шинэ гэрээ. |
| -- | Абрахамын дуудлага. |
| -- | Бурханы хангамж. |
| -- | Шүтээн шүтэхийн мөн чанар. |
| -- | Хуучин гэрээний иш үзүүлэгч. |
| -- | Бурханы хүсэл. |
| -- | Шинэ гэрээний дарс. |
| -- | Есүс ба Ариун сүнс. |
| -- | Сүнсээр дахин төрөх. |
| -- | Итгэл ба нигүүсэл. |
| -- | Нүгэлт чанарын үйлс ба сүнсний үр жимс. |
| -- | Хуучин ба Шинэ хууль. |
| -- | Христийн мэдээ. |
| -- | Ионагийн ном. |
| -- | Иудейн шашны урсгалууд. |
| -- | Есүс Галилд. |
| -- | Сүүлчийн долоо хоног. |
| -- | Филипп, Петр нарын илгээлтийн аяллууд. |
| -- | Ариун Сүнсний бэлгүүд. |
| -- | Түүхийн сүүлчийн өдрүүд. |
| -- | Илчлэлт номын долоон чуулган. |
| 856 ## - ЭЛЕКТРОН БАЙРЛАЛ БА ХОЛБООС | |
| Төрөл | Хэвлэмэл ном |
| 942 ## - ЭЛЕМЕНТИЙН ТӨРӨЛ | |
| Төрөл | Ном |
| Буцаан татагдсан төлөв | Хасагдсан шалтгаан | Гэмтсэн төлөв | Данс заагч | Захиалах боломжгүй | Үндсэн номын сан | Одоогийн байршил | Салбар танхим | Сан хөмрөг 5 | Бүртгэсэн огноо | Тавиурын заалт | Баркод | Үнэ | Хамгийн сүүлд байсан огноо | Салбар | Нийт уншлаганд гарсан тоо | Хамгийн сүүлд уншлаганд гарсан огноо | Төрөл |
|---|---|---|---|---|---|---|---|---|---|---|---|---|---|---|---|---|---|
| МУҮНомын сан салбар | МУҮНомын сан салбар | МУҮНС салбар | Хүмүүн танхим 6 давхар | МУҮНС салбар | Хүмүүн танхим 6 давхар | 2021-09-03 | 10095 | 03010095 | 20000.00 | 2023-06-14 | 0000030100 | 4 | 2023-06-14 | Ном |